| 000 | 00826nam a2200193 a 4500 | ||
|---|---|---|---|
| 008 | 120416s1994 ||||||||||||||||| || u | ||
| 020 | _a0821330004 | ||
| 050 | _aIBRD(06)RSS/1994/2 | ||
| 100 | _aNunberg, Barbara | ||
| 245 | 1 | 0 |
_aRehabilitating government: pay and employment reform in Africa _cedited by David L. Lindauer and Barbara Nunberg |
| 260 |
_aWashington, D.C. _bWorld Bank _c1994 |
||
| 350 | _a0.00 | ||
| 490 | _aWorld Bank Regional and Sectoral Studies | ||
| 650 | _aCIVIL SERVICE REFORM--DEVELOPING COUNTRIES | ||
| 650 | _aDEVELOPING COUNTRIES--OFFICIALS AND EMPLOYEES--SALARIES, ETC | ||
| 700 | _aLindauer, David L | ||
| 710 | _aWorld Bank | ||
| 995 |
_D0.00 _FCBU-MAIN LIBRARY (Kitwe) _H1 _I0.00 _M1 _UAVAILABLE _WAug 13, 2007 _ZInternational Publications |
||
| 999 |
_c55976 _d55976 |
||